Doctrina contable pública compilada 2009 / (Registro nro. 31089)

Detalles MARC
000 -LEADER
fixed length control field 01044nam a22002417a 4500
003 - CONTROL NUMBER IDENTIFIER
control field OSt
005 - DATE AND TIME OF LATEST TRANSACTION
control field 20250926111532.0
008 - FIXED-LENGTH DATA ELEMENTS--GENERAL INFORMATION
fixed length control field 250926b |||||||| |||| 00| 0 spa d
020 ## - INTERNATIONAL STANDARD BOOK NUMBER
International Standard Book Number 9789589897454
037 ## - SOURCE OF ACQUISITION
Source of stock number/acquisition Donación
040 ## - CATALOGING SOURCE
Original cataloging agency CO-JMCR
Language of cataloging spa
Transcribing agency CO-JMCR
Modifying agency CO-JMCR
Description conventions rda
041 0# - LANGUAGE CODE
Language code of text/sound track or separate title spa
082 04 - DEWEY DECIMAL CLASSIFICATION NUMBER
Edition number 23
Classification number 657.072
Item number C75d
110 1# - MAIN ENTRY--CORPORATE NAME
Corporate name or jurisdiction name as entry element Contaduría General de la Nación.
Relator term autor.
9 (RLIN) 36534
245 10 - TITLE STATEMENT
Title Doctrina contable pública compilada 2009 /
Statement of responsibility, etc. Contaduría General de la Nación.
260 ## - PUBLICATION, DISTRIBUTION, ETC.
Place of publication, distribution, etc. Colombia:
Name of publisher, distributor, etc. Contaduría General de la Nación,
Date of publication, distribution, etc. 2009.
300 ## - PHYSICAL DESCRIPTION
Extent 920 páginas :
Dimensions 19 cm.
505 ## - FORMATTED CONTENTS NOTE
Formatted contents note I. Ámbito de aplicación del régimen de contabilidad pública-- II. Marco conceptual-- III. Catálogo general de cuentas -- IV. Procedimientos contables y de control interno--V. Instructivos contables -- VI. Boletín de deudores morosos
650 24 - SUBJECT ADDED ENTRY--TOPICAL TERM
Source of heading or term JMCR
Topical term or geographic name entry element Contaduría
General subdivision Doctrina contable
Geographic subdivision Colombia
9 (RLIN) 44348
650 24 - SUBJECT ADDED ENTRY--TOPICAL TERM
Source of heading or term JMCR
Topical term or geographic name entry element Contabilidad
Geographic subdivision Colombia
650 24 - SUBJECT ADDED ENTRY--TOPICAL TERM
Source of heading or term JMCR
Topical term or geographic name entry element Instructivos Contables
Geographic subdivision Colombia
9 (RLIN) 44349
942 ## - ADDED ENTRY ELEMENTS (KOHA)
Source of classification or shelving scheme Dewey Decimal Classification
Koha item type Books
Existencias
Withdrawn status Lost status Source of classification or shelving scheme Damaged status Not for loan Collection code Home library Current library Shelving location Date acquired Source of acquisition Total Checkouts Full call number Barcode Date last seen Copy number Price effective from Koha item type
    Dewey Decimal Classification     Non-fiction Biblioteca Pública José María del Castillo y Rada Biblioteca Pública José María del Castillo y Rada Book Cart 06/10/2024 Donación   657.072 C75d 201812643 09/26/2025 Ej.1 09/26/2025 Books
    Dewey Decimal Classification     Non-fiction Biblioteca Pública José María del Castillo y Rada Biblioteca Pública José María del Castillo y Rada Book Cart 06/10/2024 Donación   657.072 C75d1 201812642 09/26/2025 Ej.2 09/26/2025 Books